ბათუმის შოთა რუსთაველის სახელმწიფო უნივერსიტეტის ბიბლიოთეკა

თეორიული კრისტალოგრაფიის შესავალი სტუ. (ბიბ.ჩანაწერი № 36812)

000 -LEADER
fixed length control field 00682nam a2200217Ia 4500
001 - CONTROL NUMBER
control field 2754
003 - CONTROL NUMBER IDENTIFIER
control field GE_BSU
008 - FIXED-LENGTH DATA ELEMENTS--GENERAL INFORMATION
fixed length control field 181216s||||||||xx |||||||||||||| ||und||
020 ## - INTERNATIONAL STANDARD BOOK NUMBER
International Standard Book Number 9789941200380
040 ## - CATALOGING SOURCE
Transcribing agency GE_BSU
080 ## - UNIVERSAL DECIMAL CLASSIFICATION NUMBER
Universal Decimal Classification number 548.1(075.8)
100 ## - MAIN ENTRY--PERSONAL NAME
Personal name ძიგრაშვილი, თ.
245 ## - TITLE STATEMENT
Title თეორიული კრისტალოგრაფიის შესავალი სტუ.
260 ## - PUBLICATION, DISTRIBUTION, ETC.
Place of publication, distribution, etc. თბილისი
260 ## - PUBLICATION, DISTRIBUTION, ETC.
Name of publisher, distributor, etc. ტექნიკ. უნ–ტი
260 ## - PUBLICATION, DISTRIBUTION, ETC.
Date of publication, distribution, etc. 2012
300 ## - PHYSICAL DESCRIPTION
Extent 125 გტვ. 27 სმ.
653 ## - INDEX TERM--UNCONTROLLED
Uncontrolled term თეორიული კრისტალოგრაფია
942 ## - ADDED ENTRY ELEMENTS (KOHA)
Koha item type წიგნი

არაა ხელმისაწვდომი ეგზემპლარები.